| 000 | 00517nam a22001817a 4500 | ||
|---|---|---|---|
| 005 | 20240910073411.0 | ||
| 008 | 240910b |||||||| |||| 00| 0 eng d | ||
| 020 | _a9780409023923 | ||
| 041 | _aEnglish | ||
| 082 | _a346.6 SON | ||
| 100 | _lEnglish | ||
| 245 |
_aUnjustified Enrichment in South Africa / _cJC Sonnekus |
||
| 250 | _aFirst Edition | ||
| 260 |
_aDurban: _bLexisNexis, _c2008 |
||
| 300 |
_bx, 421 pages; _c25 cm. |
||
| 650 |
_aLegal practice _bLaw |
||
| 942 |
_cBK _6ALISON_BN_VRIES |
||
| 999 |
_c3032 _d3032 |
||